000 00719nam a2200289Ia 4500
005 20260324142845.0
008 008 260324s9999 xx 000 0 eng d
020 _a9781315801216
037 _aEBOOK
040 _aCRL
040 _beng
040 _cCRL
041 _2eng
041 _aeng
084 _qCRL
100 _aRoma S Hanks; Marvin B Sussman; Barbara H Settles
_91213489
245 0 _aAmerican Families and the Future
245 0 _bAnalyses of Possible Destinies
260 _bTaylor and Francis
260 _c1993
365 _a
365 _b86.99
856 _uhttp://www.taylorfrancis.com/books/9781315801216
942 _cEBOOK
999 _c1818194
_d1818194